| 000 | 00460nam a2200181Ia 4500 | ||
|---|---|---|---|
| 001 | 761 | ||
| 005 | 20260306140541.0 | ||
| 008 | 260306t1956||||xx |||||||||||||| ||spa|| | ||
| 041 | _aESP | ||
| 082 |
_a160 _bM64 |
||
| 100 |
_aMiró Quesada Cantuarias, Francisco [1918-] _eAUT |
||
| 245 | 0 | _aProblemas fundamentales de la lógica jurídica | |
| 260 | _c1956 | ||
| 300 |
_a109 páginas : _c22 cm. |
||
| 650 | _aGEN | ||
| 654 | _aCHU | ||
| 942 |
_cLIB _dJUS _fJUS _2ddc _n |
||
| 999 |
_c761 _d761 |
||